endocrine system - Statistics

General Stats
  • This quiz has been taken 17 times
  • The average score is 6 of 10
Answer Stats
Hormone Secreted by Effect on body % Correct
Adrenaline Adrenal glands Fight or flight response, increased breathing anddiverts blood to muscles
91%
Oestrogen Ovaries Develops female sexual characteristics andregulate menstruation
82%
Testosterone Testes Develops male sexual characteristics
82%
Insulin Pancreas Control blood glucose level
73%
Thyroid stimulating hormone Pituitary gland Stimulates thyroid to make thyroxine
64%
Thyroxine Thyroid Rate of metabolism- excess means hyperactivity,deficiency means weight gain
64%
Growth hormone Pituitary gland Promotes bone and muscle growth
55%
ADH Pituitary gland Affects volume of urine produced by kidneys
45%
Progestrone Ovaries Thickens uterine wall
27%
Follicle stimulating hormone (FSH) Pituitary gland Stimulates ovaries to make eggs +oestrogen
9%
No matching quizzes found
Score Distribution
Percent of People with Each Score
Percentile by Number Answered
Your Score History
You have not taken this quiz